Criminaliteit en geestelijk gestoorden
| Main Author: | |
|---|---|
| Format: | Print Book |
| Language: | Dutch |
| Published: |
Utrecht [u.a.]
Spectrum
1964
|
| In: |
Mens en medemens (54)
Year: 1964 |
| Availability in Tübingen: | Present in Tübingen. UB: KB 8 E 3430 |
| Check availability: | HBZ Gateway |
| Subito Delivery Service: | Order now. |
MARC
| LEADER | 00000cam a2200000 c 4500 | ||
|---|---|---|---|
| 001 | 1099514975 | ||
| 003 | DE-627 | ||
| 005 | 20220515095204.0 | ||
| 007 | tu | ||
| 008 | 920814s1964 xx ||||| 00| ||dut c | ||
| 035 | |a (DE-627)1099514975 | ||
| 035 | |a (DE-576)029514975 | ||
| 035 | |a (DE-599)BSZ029514975 | ||
| 035 | |a (OCoLC)12672604 | ||
| 040 | |a DE-627 |b ger |c DE-627 |e rakwb | ||
| 041 | |a dut | ||
| 100 | 1 | |a Kloek, Jacobus |0 (DE-627)1239367066 |0 (DE-576)169367061 |4 aut | |
| 109 | |a Kloek, Jacobus |a Kloek, Jakobus | ||
| 245 | 1 | 0 | |a Criminaliteit en geestelijk gestoorden |c J. Kloek |
| 264 | 1 | |a Utrecht [u.a.] |b Spectrum |c 1964 | |
| 300 | |a 131 S. | ||
| 336 | |a Text |b txt |2 rdacontent | ||
| 337 | |a ohne Hilfsmittel zu benutzen |b n |2 rdamedia | ||
| 338 | |a Band |b nc |2 rdacarrier | ||
| 490 | 1 | |a Mens en medemens |v 54 | |
| 583 | 1 | |a Archivierung prüfen |c 20200919 |f DE-640 |z 2 |2 pdager | |
| 830 | 0 | |a Mens en medemens |v 54 |9 54 |w (DE-627)1099514894 |w (DE-576)029514894 |7 am | |
| 951 | |a BO | ||
| ELC | |b 1 | ||
| LOK | |0 000 xxxxxcx a22 zn 4500 | ||
| LOK | |0 001 2190351421 | ||
| LOK | |0 003 DE-627 | ||
| LOK | |0 004 1099514975 | ||
| LOK | |0 005 20151005142634 | ||
| LOK | |0 008 920814||||||||||||||||ger||||||| | ||
| LOK | |0 040 |a DE-21 |c DE-627 |d DE-21 | ||
| LOK | |0 852 |a DE-21 | ||
| LOK | |0 852 1 |c KB 8 E 3430 |9 00 | ||
| LOK | |0 935 |a krim | ||
| LOK | |0 939 |a 14-08-92 |b l01 | ||
| ORI | |a SA-MARC-krimdoka001.raw | ||
| SIG | |a UB: KB 8 E 3430 | ||
